00337nam a2200121Ia 4500008004100000041000800041082001400049100002000063245004500083260004400128300003200172365001100204240624s9999 xx 000 0 und d aeng a658.7 ALT aALTEKAR RAHUL V aSUPPLY CHAIN MANAGEMENT CONCEPTS AND CAS c2007aNew DelhibPrentice-Hall of India axvii, : 453 : p. : cm. ; 23 cRSb36